[Event "33. Copenhagen Open (Politiken Cup)"]
[Site "Elsinore"]
[Date "2011.08.03"]
[Round "6"]
[White "Hobber, Anders"]
[Black "Jepson, Christian"]
[Result "0-1"]
[WhiteElo "2179"]
[BlackElo "2405"]
[PlyCount "102"]
[EventDate "2011.07.30"]
[EventType "swiss"]
[EventRounds "10"]
[EventCountry "DEN"]
[Source "ChessBase"]
[SourceDate "2011.08.29"]

1. d4 Nf6 2. Nf3 g6 3. Nc3 d5 4. Bf4 Bg7 5. Qd2 Ne4 6. Nxe4 dxe4 7. Ne5 Nd7 8.
Nxd7 Qxd7 9. e3 O-O 10. Bc4 c5 11. c3 b5 12. Be2 b4 13. Rd1 Qa4 14. b3 bxc3 15.
Qxc3 cxd4 16. exd4 Qd7 17. O-O Bb7 18. Qa5 Rfd8 19. Be5 f6 20. Bf4 g5 21. Bg3
e6 22. Bc4 Bd5 23. Ba6 Bb7 24. Bc4 Rac8 25. Qxa7 Bd5 26. Qxd7 Rxd7 27. Bb5 Ra7
28. Rd2 Bf8 29. Rfd1 Bb4 30. Re2 Kf7 31. h3 Ra5 32. Ba4 Raa8 33. Bd7 Rc3 34.
Bb5 Ra5 35. Ba4 Ra8 36. Bb5 h5 37. h4 Ra5 38. Ba4 gxh4 39. Bxh4 Ra8 40. Bg3
Rac8 41. Bd7 Rc2 42. Re3 Rc1 43. Rxc1 Rxc1+ 44. Kh2 Rc2 45. a4 Bd2 46. Re2 h4
47. Bd6 Bf4+ 48. Bxf4 Rxe2 49. Kg1 Bxb3 50. a5 Ra2 51. Bc7 Bd5 0-1

[Event "33. Copenhagen Open (Politiken Cup)"]
[Site "Elsinore"]
[Date "2011.08.03"]
[Round "6"]
[White "Hoel, Jorgen"]
[Black "Svendsen, Peter"]
[Result "1/2-1/2"]
[WhiteElo "1851"]
[BlackElo "1987"]
[PlyCount "57"]
[EventDate "2011.07.30"]
[EventType "swiss"]
[EventRounds "10"]
[EventCountry "DEN"]
[Source "ChessBase"]
[SourceDate "2011.08.29"]

1. c4 g6 2. Nc3 Bg7 3. g3 Nf6 4. Bg2 d6 5. d3 O-O 6. e3 e5 7. Nge2 c6 8. O-O
Na6 9. a3 Be6 10. b4 Rc8 11. b5 Nc5 12. h3 d5 13. d4 exd4 14. exd4 Nce4 15.
bxc6 bxc6 16. c5 Nxc3 17. Nxc3 Ne4 18. Ne2 Nxc5 19. Bd2 Ne4 20. Rc1 Qf6 21. Bb4
Rfe8 22. f3 Nxg3 23. Nxg3 Qg5 24. Be1 h5 25. Kh1 Bxd4 26. Rc2 Be3 27. Ne2 Bf5
28. Rc3 Bb6 29. Nd4 1/2-1/2

[Event "33. Copenhagen Open (Politiken Cup)"]
[Site "Elsinore"]
[Date "2011.08.03"]
[Round "6"]
[White "Holm, Henrik"]
[Black "Jorgensen, Orla Eilegaard"]
[Result "1-0"]
[WhiteElo "1853"]
[BlackElo "1673"]
[PlyCount "63"]
[EventDate "2011.07.30"]
[EventType "swiss"]
[EventRounds "10"]
[EventCountry "DEN"]
[Source "ChessBase"]
[SourceDate "2011.08.29"]

1. e4 c5 2. Nf3 d6 3. Nc3 Nc6 4. d4 cxd4 5. Nxd4 Nf6 6. Bg5 e6 7. Qd2 Be7 8.
O-O-O a6 9. f4 h6 10. Bxf6 Bxf6 11. Nxc6 bxc6 12. Qxd6 Bd7 13. Na4 Be7 14. Qd4
f6 15. Nc5 Bxc5 16. Qxc5 Qc7 17. e5 fxe5 18. fxe5 Rf8 19. Be2 Rf5 20. Rhf1 Qxe5
21. Rxf5 Qxf5 22. Qd6 Qg5+ 23. Kb1 Qe7 24. Bh5+ Kd8 25. Qxc6 Rc8 26. Qb6+ Rc7
27. Bg4 Kc8 28. Qxa6+ Rb7 29. Bf3 Bb5 30. Bxb7+ Qxb7 31. Rd8+ Kc7 32. Qd6# 1-0

[Event "33. Copenhagen Open (Politiken Cup)"]
[Site "Elsinore"]
[Date "2011.08.03"]
[Round "6"]
[White "Hvenekilde, Jorgen"]
[Black "Lund, Silas"]
[Result "0-1"]
[WhiteElo "2089"]
[BlackElo "2388"]
[PlyCount "46"]
[EventDate "2011.07.30"]
[EventType "swiss"]
[EventRounds "10"]
[EventCountry "DEN"]
[Source "ChessBase"]
[SourceDate "2011.08.29"]

1. d4 Nf6 2. Nf3 e6 3. g3 c5 4. Bg2 cxd4 5. Nxd4 d5 6. O-O e5 7. Nf3 Nc6 8. b3
Bc5 9. Bb2 Qe7 10. e3 O-O 11. Qc1 e4 12. Nd4 Ne5 13. Ba3 b6 14. Bxc5 bxc5 15.
Qa3 Re8 16. Nb5 Bg4 17. N5c3 Nf3+ 18. Kh1 Qe5 19. Qxc5 Rac8 20. Qa5 Qh5 21. h4
Nxh4 22. gxh4 Qxh4+ 23. Kg1 Bf3 0-1

[Event "33. Copenhagen Open (Politiken Cup)"]
[Site "Elsinore"]
[Date "2011.08.03"]
[Round "6"]
[White "Hviid, Hans Henrik"]
[Black "Merkesvik, Sondre"]
[Result "0-1"]
[WhiteElo "1319"]
[BlackElo "1762"]
[PlyCount "84"]
[EventDate "2011.07.30"]
[EventType "swiss"]
[EventRounds "10"]
[EventCountry "DEN"]
[Source "ChessBase"]
[SourceDate "2011.08.29"]

1. f4 g6 2. Nf3 Bg7 3. g3 c6 4. Bg2 d6 5. O-O Nf6 6. d3 O-O 7. Nc3 Bg4 8. h3
Bd7 9. Qe1 Na6 10. e4 Rb8 11. a3 Qc8 12. Kh2 c5 13. e5 dxe5 14. Nxe5 e6 15.
Nxd7 Nxd7 16. Nb5 Nf6 17. Nxa7 Qd7 18. a4 Nc7 19. Qe3 Nfe8 20. Qxc5 Bd4 21. Qa5
Ra8 22. Qb5 Nxb5 23. Nxb5 Qxb5 24. axb5 Rxa1 25. c3 Ba7 26. Bxb7 Be3 27. Bc6
Rxc1 28. Rxc1 Bxc1 29. b3 Nc7 30. c4 Rb8 31. Kg2 Kf8 32. Kf3 f5 33. g4 Ke7 34.
g5 Kd6 35. Ke2 Kc5 36. Kf3 Kd4 37. Ke2 Bxf4 38. Bd7 Bxg5 39. b4 Kc3 40. c5 Rxb5
41. Bxb5 Nxb5 42. c6 Kxb4 0-1

[Event "33. Copenhagen Open (Politiken Cup)"]
[Site "Elsinore"]
[Date "2011.08.03"]
[Round "6"]
[White "Jacobsen, Fredrik Beer"]
[Black "Wallin, Kenneth"]
[Result "1-0"]
[WhiteElo "1956"]
[BlackElo "1710"]
[PlyCount "109"]
[EventDate "2011.07.30"]
[EventType "swiss"]
[EventRounds "10"]
[EventCountry "DEN"]
[Source "ChessBase"]
[SourceDate "2011.08.29"]

1. d4 Nf6 2. Nf3 d5 3. c4 c6 4. Nc3 dxc4 5. a4 Bf5 6. e3 e6 7. Bxc4 Nbd7 8. O-O
h6 9. Qe2 Ne4 10. Nd2 Ndf6 11. f3 Nxd2 12. Bxd2 Bb4 13. e4 Bg6 14. d5 e5 15.
dxc6 Bc5+ 16. Kh1 bxc6 17. Rfd1 Qb6 18. a5 Qc7 19. Na4 Be7 20. Rac1 Rb8 21. Be3
Qxa5 22. Ra1 Qc7 23. Nc3 a5 24. Qf2 O-O 25. Na4 Nd7 26. Bc5 Nxc5 27. Nxc5 Rfd8
28. Na6 Qb6 29. Rxd8+ Bxd8 30. Qg3 Qxb2 31. Rf1 Rb4 32. Nxb4 Qxb4 33. Ba2 Kh7
34. Qxe5 Qb5 35. Qa1 Qh5 36. g3 Bc7 37. Kg2 f6 38. Qc3 c5 39. Qc4 Bf7 40. Qxf7
Qxf7 41. Bxf7 Be5 42. Rc1 Bd4 43. Rc4 g5 44. Rxd4 cxd4 45. Kf2 Kg7 46. Be6 Kf8
47. Ke2 Ke7 48. Bb3 Kd6 49. f4 Kc5 50. Kd3 Kb4 51. Bg8 Kc5 52. Bf7 a4 53. h4
gxh4 54. gxh4 a3 55. Ba2 1-0

[Event "33. Copenhagen Open (Politiken Cup)"]
[Site "Elsinore"]
[Date "2011.08.03"]
[Round "6"]
[White "Jensen, Jonbert"]
[Black "Brastein, Ragnar"]
[Result "1-0"]
[WhiteElo "1595"]
[BlackElo "1000"]
[PlyCount "77"]
[EventDate "2011.07.30"]
[EventType "swiss"]
[EventRounds "10"]
[EventCountry "DEN"]
[Source "ChessBase"]
[SourceDate "2011.08.29"]

1. e4 d5 2. exd5 Qxd5 3. Nc3 Qa5 4. d4 Nf6 5. Nf3 c6 6. Be2 Bf5 7. O-O e6 8.
Nh4 Bg6 9. Bd2 Bb4 10. a3 Bxc3 11. Bxc3 Qc7 12. Nxg6 hxg6 13. f4 Nbd7 14. b4 g5
15. Bd2 b5 16. g3 Ne4 17. Be1 Qd6 18. Bf3 Ndf6 19. Qd3 Nxg3 20. Bxg3 gxf4 21.
Bxf4 Qd7 22. Be5 Nd5 23. Rad1 Ke7 24. Rd2 Rag8 25. Rg2 f6 26. Bg3 f5 27. Be5
Rh7 28. Re1 a6 29. c4 Nb6 30. c5 Nd5 31. Bxd5 cxd5 32. Bd6+ Kf6 33. Qg3 Rh6 34.
Qe5+ Kf7 35. c6 Qxc6 36. Rf1 Qd7 37. Qg3 Qd8 38. Bf4 Rh5 39. Qg6+ 1-0

[Event "33. Copenhagen Open (Politiken Cup)"]
[Site "Elsinore"]
[Date "2011.08.03"]
[Round "6"]
[White "Jensen, Morten Frank"]
[Black "Nilsson, Patrik"]
[Result "0-1"]
[WhiteElo "2064"]
[BlackElo "2057"]
[PlyCount "84"]
[EventDate "2011.07.30"]
[EventType "swiss"]
[EventRounds "10"]
[EventCountry "DEN"]
[Source "ChessBase"]
[SourceDate "2011.08.29"]

1. g3 f5 2. Bg2 Nf6 3. f4 g6 4. d3 Nc6 5. e4 d6 6. e5 dxe5 7. Bxc6+ bxc6 8.
fxe5 Ng4 9. Nf3 c5 10. h3 Nh6 11. Na3 Qd5 12. Nc4 Bg7 13. Qe2 Nf7 14. Rf1 Rb8
15. b3 Nd8 16. Bb2 Nc6 17. O-O-O e6 18. g4 O-O 19. Ne3 Qd7 20. g5 Nd4 21. Nxd4
cxd4 22. Ng2 Rb5 23. h4 Rxe5 24. Qf2 Bb7 25. Nf4 Re3 26. h5 e5 27. Nxg6 hxg6
28. hxg6 Qc6 29. Ba3 Qxg6 30. Bxf8 Bxf8 31. Qxf5 Qxf5 32. Rxf5 Bd6 33. Rg1 Rf3
34. Rxf3 Bxf3 35. Rf1 Bd5 36. Rf6 e4 37. dxe4 Bxe4 38. Kd1 Kg7 39. a4 a5 40.
Kc1 Be7 41. Ra6 Bxg5+ 42. Kb1 d3 0-1

[Event "33. Copenhagen Open (Politiken Cup)"]
[Site "Elsinore"]
[Date "2011.08.03"]
[Round "6"]
[White "Jensen, Torben Brieghel"]
[Black "Wadtland, Flemming"]
[Result "1-0"]
[WhiteElo "1098"]
[BlackElo "1605"]
[PlyCount "49"]
[EventDate "2011.07.30"]
[EventType "swiss"]
[EventRounds "10"]
[EventCountry "DEN"]
[Source "ChessBase"]
[SourceDate "2011.08.29"]

1. Nf3 Nf6 2. g3 d5 3. Bg2 e6 4. O-O Bd6 5. d3 Nc6 6. Nbd2 e5 7. e4 O-O 8. b3
Bg4 9. Bb2 Re8 10. h3 Bh5 11. g4 Bg6 12. exd5 Nxd5 13. d4 Nf4 14. Nc4 exd4 15.
Bxd4 Nxd4 16. Nxd4 Nxg2 17. Kxg2 Bc5 18. c3 Qh4 19. Qd2 Rad8 20. Rae1 Rxe1 21.
Rxe1 h6 22. Qf4 Rd7 23. Ne5 Rd6 24. Nxg6 Qf6 25. Re8+ 1-0

[Event "33. Copenhagen Open (Politiken Cup)"]
[Site "Elsinore"]
[Date "2011.08.03"]
[Round "6"]
[White "Johansson, Linus"]
[Black "Korley, Kassa"]
[Result "0-1"]
[WhiteElo "2159"]
[BlackElo "2326"]
[PlyCount "80"]
[EventDate "2011.07.30"]
[EventType "swiss"]
[EventRounds "10"]
[EventCountry "DEN"]
[Source "ChessBase"]
[SourceDate "2011.08.29"]

1. d4 Nf6 2. c4 g6 3. g3 Bg7 4. Bg2 O-O 5. Nf3 c5 6. d5 d6 7. O-O e6 8. Nc3
exd5 9. cxd5 a6 10. a4 Re8 11. h3 Ne4 12. Nxe4 Rxe4 13. Nd2 Rb4 14. Qc2 Nd7 15.
e4 Rb8 16. f4 b5 17. a5 c4 18. e5 dxe5 19. f5 Nc5 20. Ne4 Nxe4 21. Bxe4 gxf5
22. Bxf5 Bxf5 23. Qxf5 Qxd5 24. Ra3 Rb3 25. Rxb3 cxb3 26. Be3 Qe6 27. Qf2 Rc8
28. g4 Qd5 29. Rc1 Rxc1+ 30. Bxc1 e4 31. Qf4 Qe5 32. Qxe5 Bxe5 33. Kf2 Bd4+ 34.
Kg3 Kg7 35. Kf4 e3 36. Kf3 Kf6 37. Ke2 Ke5 38. Kd3 Kd5 39. h4 Ke5 40. h5 Kd5
0-1

[Event "33. Copenhagen Open (Politiken Cup)"]
[Site "Elsinore"]
[Date "2011.08.03"]
[Round "6"]
[White "Johnsen, Oystein"]
[Black "Bjorneboe, Kristian"]
[Result "0-1"]
[WhiteElo "1724"]
[BlackElo "1941"]
[PlyCount "46"]
[EventDate "2011.07.30"]
[EventType "swiss"]
[EventRounds "10"]
[EventCountry "DEN"]
[Source "ChessBase"]
[SourceDate "2011.08.29"]

1. d4 Nf6 2. Nc3 d5 3. Bg5 Nbd7 4. e3 e6 5. Bd3 Be7 6. Nf3 c5 7. O-O O-O 8. h3
a6 9. a4 b6 10. Bf4 Bb7 11. Ne5 Rc8 12. Bh2 Ne4 13. Nxe4 dxe4 14. Be2 Nf6 15.
c3 Nd5 16. Nc4 cxd4 17. exd4 f5 18. Ne3 f4 19. Nxd5 Qxd5 20. Qd2 f3 21. gxf3
exf3 22. Bd3 Qh5 23. Kh1 Bg5 0-1

[Event "33. Copenhagen Open (Politiken Cup)"]
[Site "Elsinore"]
[Date "2011.08.03"]
[Round "6"]
[White "Jonsson, Lennart"]
[Black "Svane, Rasmus"]
[Result "0-1"]
[WhiteElo "2086"]
[BlackElo "2346"]
[PlyCount "146"]
[EventDate "2011.07.30"]
[EventType "swiss"]
[EventRounds "10"]
[EventCountry "DEN"]
[Source "ChessBase"]
[SourceDate "2011.08.29"]

1. d4 d5 2. Nf3 Nf6 3. Ne5 c5 4. e3 Nc6 5. f4 Bf5 6. c3 e6 7. Bd3 Bd6 8. O-O
O-O 9. b3 Bxd3 10. Qxd3 Bxe5 11. fxe5 Ne4 12. Nd2 Nxd2 13. Bxd2 f6 14. exf6
Rxf6 15. Rxf6 Qxf6 16. Rf1 Qe7 17. e4 cxd4 18. cxd4 Rf8 19. Rxf8+ Qxf8 20. exd5
exd5 21. Qe3 Qe7 22. Qxe7 Nxe7 23. Kf2 Kf7 24. Kf3 Kf6 25. g4 Nc6 26. Bc3 Nd8
27. h4 g6 28. a3 Ne6 29. Bb2 h5 30. Ba1 g5 31. gxh5 gxh4 32. Kg4 h3 33. Kxh3
Kg5 34. h6 Kxh6 35. Kg4 Kg6 36. Bb2 Kf6 37. Ba1 Ng5 38. Kf4 Ne4 39. Ke3 Kf5 40.
Bb2 Kg4 41. Ba1 a6 42. a4 Nd6 43. Bb2 Nf5+ 44. Kd3 Kf3 45. Bc3 Ng3 46. Ba5 Ne2
47. Bb6 Nf4+ 48. Kd2 Ke4 49. Ba7 Ne6 50. Kc3 Nf8 51. Bb8 Ne6 52. Ba7 Nd8 53.
Bb6 Nc6 54. b4 Nb8 55. b5 axb5 56. axb5 Nd7 57. Bd8 Ke3 58. Bc7 Nf8 59. Bb6 Ne6
60. Ba7 Ke2 61. Kc2 Nc7 62. Kb3 Nxb5 63. Bb6 Kd3 64. Kb4 Nxd4 65. Kc5 Ke4 66.
Kd6 Nb5+ 67. Kd7 d4 68. Kc8 Nd6+ 69. Kc7 Kd5 70. Ba5 Nc4 71. Be1 b5 72. Bb4 d3
73. Kb7 d2 0-1

[Event "33. Copenhagen Open (Politiken Cup)"]
[Site "Elsinore"]
[Date "2011.08.03"]
[Round "6"]
[White "Jorgensen, Jens AL"]
[Black "Seirup, Simon"]
[Result "1/2-1/2"]
[WhiteElo "1264"]
[BlackElo "1694"]
[PlyCount "90"]
[EventDate "2011.07.30"]
[EventType "swiss"]
[EventRounds "10"]
[EventCountry "DEN"]
[Source "ChessBase"]
[SourceDate "2011.08.29"]

1. e4 c6 2. Nf3 d5 3. exd5 cxd5 4. h3 Nc6 5. d4 Bf5 6. a3 Nf6 7. c4 e6 8. Nc3
Be7 9. Be3 O-O 10. Be2 Rc8 11. c5 b6 12. cxb6 Qxb6 13. Qd2 Rb8 14. b4 Rfc8 15.
O-O Rc7 16. Ne5 Rbc8 17. Qd1 Nxb4 18. Na4 Qb8 19. axb4 Bc2 20. Qe1 Bxb4 21. Bd2
Bxd2 22. Qxd2 Bxa4 23. Rxa4 Rc2 24. Qe3 R8c3 25. Bd3 Ne8 26. Rfa1 Qb3 27. Rxa7
f6 28. Rxg7+ Nxg7 29. Ra8+ Rc8 30. Bxh7+ Kxh7 31. Qxb3 Rc1+ 32. Kh2 Rxa8 33.
Ng4 Raa1 34. Kg3 Nf5+ 35. Kf4 Re1 36. Nxf6+ Kg6 37. Nxd5 exd5 38. Qxd5 Ne7 39.
Qg5+ Kf7 40. g4 Ng6+ 41. Kg3 Rg1+ 42. Kf3 Ra3+ 43. Ke2 Ra2+ 44. Ke3 Ra3+ 45.
Ke2 Ra2+ 1/2-1/2

[Event "33. Copenhagen Open (Politiken Cup)"]
[Site "Elsinore"]
[Date "2011.08.03"]
[Round "6"]
[White "Jorgensen, Michael"]
[Black "Lilja, Richard"]
[Result "1-0"]
[WhiteElo "2271"]
[BlackElo "2111"]
[PlyCount "97"]
[EventDate "2011.07.30"]
[EventType "swiss"]
[EventRounds "10"]
[EventCountry "DEN"]
[Source "ChessBase"]
[SourceDate "2011.08.29"]

1. d4 g6 2. c4 Bg7 3. g3 c5 4. d5 d6 5. Bg2 Na6 6. Nf3 Rb8 7. Nc3 Nc7 8. a4 b6
9. O-O Nf6 10. e4 O-O 11. Re1 a6 12. Bf1 Bg4 13. h3 Bd7 14. e5 Nfe8 15. Bf4 b5
16. axb5 axb5 17. b3 dxe5 18. Nxe5 Nd6 19. Ra7 Bxe5 20. Bxe5 bxc4 21. bxc4 Ra8
22. Qa1 Qb8 23. Rxa8 Qxa8 24. Qc1 Nce8 25. Bf4 e6 26. Bh6 Ng7 27. g4 Rb8 28.
Qf4 Rb6 29. Qe5 Nde8 30. Bxg7 Nxg7 31. Ne4 Ba4 32. Nxc5 exd5 33. cxd5 Qa5 34.
d6 Ne6 35. Nxe6 Qxe5 36. Rxe5 fxe6 37. Rxe6 Bd7 38. Rf6 Kg7 39. g5 h6 40. Bc4
Bxh3 41. Rf7+ Kh8 42. d7 Bxd7 43. Rxd7 hxg5 44. Bd3 Rc6 45. Kg2 Rf6 46. Kg3 Kg8
47. f3 Kf8 48. Be4 Ke8 49. Rc7 1-0

[Event "33. Copenhagen Open (Politiken Cup)"]
[Site "Elsinore"]
[Date "2011.08.03"]
[Round "6"]
[White "Jorgensen, Morten"]
[Black "Andreassen, Espen"]
[Result "1-0"]
[WhiteElo "1727"]
[BlackElo "1000"]
[PlyCount "127"]
[EventDate "2011.07.30"]
[EventType "swiss"]
[EventRounds "10"]
[EventCountry "DEN"]
[Source "ChessBase"]
[SourceDate "2011.08.29"]

1. d4 d5 2. c4 e6 3. Nc3 Nf6 4. Nf3 Be7 5. cxd5 exd5 6. e3 O-O 7. Be2 b6 8. O-O
Bb7 9. Qc2 c5 10. Bd2 Nbd7 11. Rac1 a6 12. a4 Bc6 13. b3 Re8 14. h3 Bd6 15.
Rfd1 Ne4 16. Nxe4 dxe4 17. Ne1 Nf6 18. dxc5 bxc5 19. Bb4 Qe7 20. Bxc5 Bxc5 21.
Qxc5 Qxc5 22. Rxc5 Bb7 23. Bc4 Red8 24. Rxd8+ Rxd8 25. Rc7 Rd7 26. Rxd7 Nxd7
27. Nc2 Ne5 28. Nb4 Kf8 29. Bxa6 Bxa6 30. Nxa6 Ke8 31. Nc5 f5 32. Kf1 g6 33.
Ke2 Kd8 34. Kd2 Kc7 35. Kc3 Kb6 36. b4 h5 37. a5+ Kb5 38. a6 Nc6 39. Nd7 Nxb4
40. a7 Nd5+ 41. Kd4 Nc7 42. Ke5 Ka6 43. a8=Q+ Nxa8 44. Kf6 Nc7 45. Kxg6 Nd5 46.
Kxf5 Kb5 47. Kxe4 Kc6 48. Ne5+ Kd6 49. Nf7+ Ke6 50. Ng5+ Kd6 51. Nh7 Ke6 52. f4
Ne7 53. Ng5+ Kf6 54. Kf3 Ng6 55. e4 Nh4+ 56. Kg3 Ng6 57. Nf3 Ne7 58. Kh4 Ng6+
59. Kg3 Ne7 60. Ng5 Ng6 61. Nf3 Ne7 62. f5 Kg7 63. Kf4 Kf7 64. Kg5 1-0

[Event "33. Copenhagen Open (Politiken Cup)"]
[Site "Elsinore"]
[Date "2011.08.03"]
[Round "6"]
[White "Justinussen, Sigurd B"]
[Black "Petersen, Peter Birk"]
[Result "0-1"]
[WhiteElo "1944"]
[BlackElo "2156"]
[PlyCount "82"]
[EventDate "2011.07.30"]
[EventType "swiss"]
[EventRounds "10"]
[EventCountry "DEN"]
[Source "ChessBase"]
[SourceDate "2011.08.29"]

1. e4 c5 2. Nf3 d6 3. c3 Nf6 4. Be2 g6 5. d3 Bg7 6. O-O O-O 7. Bg5 h6 8. Bh4
Nc6 9. Nbd2 Qc7 10. Re1 a6 11. d4 e5 12. Rc1 Nh5 13. dxc5 dxc5 14. Nc4 g5 15.
Bg3 Nf4 16. Bf1 Bg4 17. Ne3 Rad8 18. Qc2 Be6 19. b3 b5 20. Rcd1 Qe7 21. a4 Qb7
22. axb5 axb5 23. Nd5 f5 24. Bxf4 exf4 25. Bd3 Bxd5 26. exd5 Rxd5 27. Bxb5 Rxd1
28. Bc4+ Kh8 29. Rxd1 Qe7 30. Re1 Qd8 31. Rd1 Qf6 32. Bd5 Ne7 33. c4 g4 34. Ne1
Qg5 35. Qd2 Ng6 36. Nd3 Bd4 37. g3 fxg3 38. hxg3 f4 39. Kg2 f3+ 40. Kg1 Qh5 41.
Ne1 Qh3 0-1

[Event "33. Copenhagen Open (Politiken Cup)"]
[Site "Elsinore"]
[Date "2011.08.03"]
[Round "6"]
[White "Klings, Peter"]
[Black "Schmidt, Horst Hubert"]
[Result "1-0"]
[WhiteElo "2149"]
[BlackElo "1816"]
[PlyCount "49"]
[EventDate "2011.07.30"]
[EventType "swiss"]
[EventRounds "10"]
[EventCountry "DEN"]
[Source "ChessBase"]
[SourceDate "2011.08.29"]

1. e4 d6 2. d4 Nf6 3. Nc3 g6 4. Nf3 Bg7 5. h3 O-O 6. Be3 Nc6 7. d5 Nb8 8. Bc4
c6 9. dxc6 bxc6 10. e5 Ne8 11. O-O d5 12. Nxd5 Nc7 13. Nf4 e6 14. Nd3 Nd7 15.
Bg5 Qe8 16. Qe2 h6 17. Be3 Nb6 18. Bb3 Kh7 19. Bc5 Rg8 20. c4 Nd7 21. Bd6 a5
22. Bxc7 a4 23. Bc2 Ba6 24. b3 Ra7 25. Bd6 1-0

[Event "33. Copenhagen Open (Politiken Cup)"]
[Site "Elsinore"]
[Date "2011.08.03"]
[Round "6"]
[White "Kopperberg, Steen"]
[Black "Meldal, Peter"]
[Result "1-0"]
[WhiteElo "1782"]
[BlackElo "1526"]
[PlyCount "89"]
[EventDate "2011.07.30"]
[EventType "swiss"]
[EventRounds "10"]
[EventCountry "DEN"]
[Source "ChessBase"]
[SourceDate "2011.08.29"]

1. d4 d5 2. Nf3 Nc6 3. c3 Bg4 4. Nbd2 Nf6 5. Qc2 e6 6. e3 Bd6 7. Bd3 e5 8. dxe5
Nxe5 9. Nxe5 Bxe5 10. h3 Be6 11. Nf3 Bd6 12. Qb3 Rb8 13. Qa4+ c6 14. Qxa7 O-O
15. Qa4 c5 16. Qc2 c4 17. Bf5 b5 18. a3 h6 19. O-O Qd7 20. Nd4 Bxf5 21. Nxf5
Bc5 22. Ng3 Rbe8 23. Bd2 Re5 24. a4 Bd6 25. f4 Ree8 26. b3 Bc5 27. Rf3 Qa7 28.
Nf1 Ne4 29. b4 Nxd2 30. Qxd2 Bd6 31. Qxd5 Re6 32. Qxb5 Re4 33. Qd5 Re6 34. Qxc4
Rfe8 35. Qd4 Qa6 36. b5 Qc8 37. Kh1 Bc5 38. Qd2 Rd8 39. Qe2 Bd6 40. e4 Bc7 41.
a5 Qa8 42. e5 f6 43. Qc4 Rd5 44. Ne3 f5 45. Qxd5 1-0

[Event "33. Copenhagen Open (Politiken Cup)"]
[Site "Elsinore"]
[Date "2011.08.03"]
[Round "6"]
[White "Kristensen, Lars Ostergaard"]
[Black "Dyrhaug, Erling Skjolas"]
[Result "1-0"]
[WhiteElo "1544"]
[BlackElo "1000"]
[PlyCount "77"]
[EventDate "2011.07.30"]
[EventType "swiss"]
[EventRounds "10"]
[EventCountry "DEN"]
[Source "ChessBase"]
[SourceDate "2011.08.29"]

1. e4 e6 2. d4 d5 3. e5 c5 4. c3 Nc6 5. Nf3 Bd7 6. Bd3 f6 7. Qe2 Be7 8. O-O Qc7
9. Bf4 Qb6 10. Rd1 O-O-O 11. dxc5 Bxc5 12. b4 Be7 13. b5 Na5 14. Nbd2 g5 15.
Be3 Qc7 16. c4 g4 17. Ne1 Qxe5 18. cxd5 Qxd5 19. Bxa7 Nc6 20. bxc6 Bxc6 21. Bb6
Rd7 22. Be4 Qe5 23. Qc4 Rxd2 24. Bxc6 Rxd1 25. Be8+ Kb8 26. Rxd1 Nh6 27. Bd7
Bd6 28. g3 Nf5 29. Qxe6 Qxe6 30. Bxe6 Re8 31. Bxf5 Bb4 32. Nc2 Bf8 33. Rd8+
Rxd8 34. Bxd8 h5 35. Bxf6 Kc7 36. Bg6 b5 37. Bxh5 Kc6 38. Bxg4 Kc5 39. Be6 1-0

[Event "33. Copenhagen Open (Politiken Cup)"]
[Site "Elsinore"]
[Date "2011.08.03"]
[Round "6"]
[White "Krzesinski, Paul"]
[Black "Skjoldager, Per"]
[Result "1-0"]
[WhiteElo "1832"]
[BlackElo "2126"]
[PlyCount "59"]
[EventDate "2011.07.30"]
[EventType "swiss"]
[EventRounds "10"]
[EventCountry "DEN"]
[Source "ChessBase"]
[SourceDate "2011.08.29"]

1. e4 c6 2. d4 d5 3. Nc3 dxe4 4. Nxe4 Bf5 5. Ng3 Bg6 6. Nf3 Nd7 7. h4 h6 8. h5
Bh7 9. Bd3 Bxd3 10. Qxd3 e6 11. Bf4 Qa5+ 12. Bd2 Qc7 13. O-O-O Ngf6 14. Kb1
O-O-O 15. c4 c5 16. Bc3 cxd4 17. Qxd4 Bc5 18. Qd2 Qb6 19. Ba5 Qa6 20. Bxd8 Rxd8
21. Ne5 Qb6 22. Nxf7 Bxf2 23. Nxd8 Bxg3 24. Nf7 Qc5 25. Rhf1 Kc7 26. Rf3 Bh2
27. g3 Qxh5 28. Rxf6 Nxf6 29. Qd8+ Kc6 30. Qd6# 1-0

[Event "33. Copenhagen Open (Politiken Cup)"]
[Site "Elsinore"]
[Date "2011.08.03"]
[Round "6"]
[White "Kurnosov, Igor"]
[Black "Tikkanen, Hans"]
[Result "1-0"]
[WhiteElo "2633"]
[BlackElo "2596"]
[PlyCount "121"]
[EventDate "2011.07.30"]
[EventType "swiss"]
[EventRounds "10"]
[EventCountry "DEN"]
[Source "ChessBase"]
[SourceDate "2011.08.29"]

1. d4 d5 2. c4 c6 3. Nc3 dxc4 4. e3 b5 5. a4 b4 6. Ne4 Qd5 7. Ng3 Nf6 8. Be2 e5
9. Nf3 exd4 10. exd4 Bd6 11. Qc2 Ba6 12. Nf5 O-O 13. Ne3 Qe4 14. Qxe4 Nxe4 15.
Nxc4 Re8 16. Be3 Bxc4 17. Bxc4 Nd7 18. O-O Rac8 19. a5 c5 20. Rfd1 cxd4 21.
Rxd4 Ndf6 22. Bb5 Rf8 23. Bd3 Bc5 24. Rxe4 Nxe4 25. Bxe4 Bxe3 26. fxe3 Rfe8 27.
Bd5 Rxe3 28. b3 Rc5 29. Bc4 a6 30. Ra4 g5 31. Rxb4 Rxa5 32. Rb7 Ra1+ 33. Kf2
Rc3 34. Kg3 Ra2 35. Bxf7+ Kf8 36. Bh5 Rb2 37. Rxh7 Rcxb3 38. Rf7+ Kg8 39. Ra7
Ra3 40. Bf7+ Kf8 41. Be6 a5 42. Rf7+ Ke8 43. Rg7 Re3 44. Bd5 a4 45. Rxg5 a3 46.
Kf4 Rd3 47. Ke4 Rd1 48. h4 a2 49. Bxa2 Rxa2 50. h5 Ra4+ 51. Kf5 Ra5+ 52. Ne5
Re1 53. Kf6 Ra6+ 54. Kg7 Ra5 55. h6 Rh1 56. Nf7 Rxg5+ 57. Nxg5 Rh5 58. Nf3 Rf5
59. h7 Rf7+ 60. Kg6 Rf8 61. Ne5 1-0

[Event "33. Copenhagen Open (Politiken Cup)"]
[Site "Elsinore"]
[Date "2011.08.03"]
[Round "6"]
[White "Kyrkjebo, Eirik"]
[Black "Brobakken, Sindre"]
[Result "1/2-1/2"]
[WhiteElo "1747"]
[BlackElo "1317"]
[PlyCount "64"]
[EventDate "2011.07.30"]
[EventType "swiss"]
[EventRounds "10"]
[EventCountry "DEN"]
[Source "ChessBase"]
[SourceDate "2011.08.29"]

1. e4 d5 2. exd5 Qxd5 3. Nc3 Qa5 4. g3 Bf5 5. d3 c6 6. Bf4 e6 7. a3 Nf6 8. Bg2
Nbd7 9. Nge2 Nd5 10. b4 Qd8 11. Bd2 Bd6 12. O-O O-O 13. Nd4 Bg6 14. Ne4 Be5 15.
c3 Qb6 16. Nf3 Bxe4 17. dxe4 N5f6 18. Nxe5 Nxe5 19. Qe2 Rad8 20. Be3 Qc7 21. a4
b6 22. f4 Ng6 23. c4 c5 24. b5 e5 25. Bd2 Rfe8 26. a5 exf4 27. gxf4 Qd7 28. Bc3
Qg4 29. Qe3 Rxe4 30. Qg3 Qxg3 31. hxg3 Rxc4 32. Be1 h6 1/2-1/2

[Event "33. Copenhagen Open (Politiken Cup)"]
[Site "Elsinore"]
[Date "2011.08.03"]
[Round "6"]
[White "Larsen, Henrik Falk"]
[Black "Nielsen, Peter"]
[Result "1-0"]
[WhiteElo "1619"]
[BlackElo "1802"]
[PlyCount "63"]
[EventDate "2011.07.30"]
[EventType "swiss"]
[EventRounds "10"]
[EventCountry "DEN"]
[Source "ChessBase"]
[SourceDate "2011.08.29"]

1. d4 Nf6 2. c4 e6 3. a3 c5 4. e3 b6 5. Nc3 Bb7 6. Nf3 d6 7. dxc5 bxc5 8. Be2
Nc6 9. O-O Be7 10. b3 a6 11. Bb2 Qc7 12. Qc2 h6 13. Rfd1 Rg8 14. Rd2 O-O-O 15.
Rad1 g5 16. Ne4 Nxe4 17. Qxe4 Ne5 18. Qc2 Nxf3+ 19. Bxf3 Bxf3 20. gxf3 f5 21.
b4 g4 22. f4 cxb4 23. axb4 h5 24. Qa4 Qb7 25. b5 axb5 26. cxb5 Kd7 27. b6+ Qc6
28. Qa7+ Ke8 29. Rc1 Qf3 30. Rc7 Bh4 31. Rh7 Rf8 32. Qa4+ 1-0